000 00799nam 22002413 4500
001 200415
010 _a978-989-661-958-9
021 _aPT
_b525 095/23
090 _a200415
100 _a20260205d u||y0pory50 ba
101 _apor
200 _aMistério na Biblioteca
_fEnid Blyton
_gIlustração de Becka Moor ; Tradução de Eugénia Antunes ; Revisão de Oficina do Livro
205 _a2ª (reimp.)
210 _aAlfragide
_cOficina do Livro
_d2025
215 _a72, [8] p. : muito il.
_cBrochado
_d20 cm
225 _aOs mini cinco
_v16
606 _92
_aLiteratura Infantil Inglesa
675 _a821.111-93/BLY/MIS
_vPT
_zpor
700 _9958
_aBlyton
_bEnid
_f1897-1968
701 _916219
_aMoor
_bBecka
801 _aPT
_bBMMN
_gRPC
830 _cCarlos Pinto
_d05-02-2026
_fCarlos Pinto
990 _cLIVROS